000 00497nam a2200181Ia 4500
005 20250508150520.0
008 008 250505s9999 xx 000 0 eng d
037 _aTextual
040 _aFEDL
_beng
_cFEDL
041 _aeng
_2eng
084 _a371.7, BAT
_qFEDL
100 _aBatten Lindsey W
_9756891
245 0 _aHealth for the young
260 _aLondon, UK
_bGeorge Allen and Unwin Ltd.
_c1943
300 _a179p
942 _cTEXL
_h371.7, BAT
999 _c1324011
_d1324011